Naša reč cvičebnica slovenského jazyka pre ľudové školy : pre 4.- 5. ročník diel 6.

Bibliographic Details
Main Authors: Schultz, Ján, 1892-1976 (Author, Compiler), Mojto, František, 1885-1971 (Author, Compiler)
Other Authors: Benka, Martin, 1888-1971 (Illustrator), Vodrážka, Jaroslav, 1894-1984 (Illustrator)
Format: Book
Language:Slovak
PhysicalDescription:122, [4] s. tab. 8°
Published: Bratislava Komenský 1932
Subjects:

MARC

LEADER 00000cam a2200000 a 4500
001 vtls001476355
003 SK-MaSNL
005 20260301203516.0
008 260107s1932 xo a slo
015 |a SNBA19191938-010928 
035 |a SNK000431656 
035 |a urn:nbn:sk:snk-am3hdyn 
035 |a F02E8C95-3480-4C9C-B138-BA8B3F9D326E 
035 |a urn:nbn:sk:snk-am00cobl 
040 |a SNK  |b slo  |c SNK  |e AACR2 
041 0 |a slo 
044 |a xo  |c SK 
080 |a 808.54(075)  |2 1981 
080 |a 372/075)  |2 1981 
100 1 |a Schultz, Ján,  |d 1892-1976  |4 aut  |4 com  |9 171444 
245 1 0 |a Naša reč  |b cvičebnica slovenského jazyka pre ľudové školy : pre 4.- 5. ročník  |n diel 6.  |c sost.: Ján Schultz a Fraňo Mojto ; ilustr. M. Benka a Jar. Vodrážka ; prezrela MS 
260 |a Bratislava  |b Komenský  |c 1932  |e Martin  |f Kníhtlačiarsky účastinársky spolok 
300 |a 122, [4] s.  |b tab.  |c 8° 
650 0 7 |a slovenčina  |2 SNKPH  |9 1350 
655 7 |a cvičebnice  |2 SNKPH  |9 60803 
655 7 |a učebnice základných škôl  |2 SNKPH  |9 70187 
700 1 |a Mojto, František,  |d 1885-1971  |4 aut  |4 com  |9 52444 
700 1 |a Benka, Martin,  |d 1888-1971  |4 ill  |9 100354 
700 1 |a Vodrážka, Jaroslav,  |d 1894-1984  |4 ill  |9 107246 
852 |a Slovenská národná knižnica 
954 |a odborná, vedecká literatúra pôvodná (slovenská)  |2 lita 
958 |a EUIPO 
958 |a OND 
958 |a RK 
958 |a TL 
999 |c 902882  |d 904812 
952 |t P60, <04>, [BOOK], {604}  |a SNK  |b SNK  |y VYP  |7 0  |p 17A0430863  |o snkSC 2199/6 D1  |i snkIII. 1335/48  |0 0  |1 0  |4 0  |d 2004-06-08  |l 0  |r 2005-01-02 00:00:00  |w 2026-02-24 
952 |a SNK  |b SNK  |y PREZ  |7 0  |p 17A0430388  |o snkSC 2199/6  |i snk1153/37  |0 0  |1 0  |4 0  |d 2004-06-17  |f 1  |l 0  |r 2025-06-11 00:00:00  |w 2026-02-24